Top Goalscorers in The Big Five in The 21st Century - Statistics

General Stats
  • This quiz has been taken 63 times
    13 since last reset
  • The average score is 32 of 82
Answer Stats
Hint Answer % Correct
2007/08, 2010/11, 2013/14,2014/15, 2020/21 Cristiano Ronaldo
100%
2015/16, 2016/17, 2020/21,2023/24, 2024/25, 2025/26 Harry Kane
100%
2018/19, 2019/20, 2020/21,2021/22, 2022/23, 2023/24, 2024/25, 2025/26 Kylian Mbappé
100%
2009/10, 2011/12, 2012/13,2016/17, 2017/18, 2018/19, 2019/20, 2020/21 Lionel Messi
100%
2024/25 Ousmane Dembélé
100%
2013/14, 2015/16, 2017/18, 2018/19, 2019/20, 2020/21, 2021/22, 2022/23 Robert Lewandowski
100%
2003/04 Ronaldo
100%
2022/23, 2023/24, 2025/26 Erling Haaland
85%
2017/18, 2018/19, 2021/22,2024/25 Mohamed Salah
85%
2013/14, 2015/16 Luis Suárez
77%
2011/12, 2012/13 Robin van Persie
77%
2018/19 Sadio Mané
77%
2008/09, 2011/12, 2012/13,2013/14, 2015/16 Zlatan Ibrahimović
77%
2007/08, 2021/22 Karim Benzema
69%
2023/24, 2025/26 Lautaro Martínez
69%
2016/17, 2018/19 Pierre-Emerick Aubameyang
69%
2002/03, 2006/07 Ruud van Nistelrooy
69%
2007/08 Alessandro Del Piero
62%
2012/13, 2016/17, 2017/18 Edinson Cavani
62%
2010/11 Mario Gómez
62%
2005/06 Miroslav Klose
62%
2014/15 Sergio Agüero
62%
2006/07, 2009/10 Didier Drogba
54%
2006/07 Francesco Totti
54%
2005/06, 2007/08, 2014/15 Luca Toni
54%
2011/12 Olivier Giroud
54%
2004/05, 2005/06 Samuel Eto'o
54%
2021/22 Son Heung-min
54%
2001/02, 2003/04, 2004/05,2005/06 Thierry Henry
54%
2015/16 Gonzalo Higuaín
46%
2019/20 Jamie Vardy
46%
2002/03 Roy Makaay
46%
2022/23 Victor Osimhen
46%
2003/04 Andriy Shevchenko
38%
2009/2010, 2010/11 Antonio Di Natale
38%
2010/11 Carlos Tevez
38%
2013/14, 2017/18, 2019/20,2021/22 Ciro Immobile
38%
2004/05, 2008/09 Diego Forlán
38%
2010/11 Dimitar Berbatov
38%
2009/10, 2016/17 Edin Džeko
38%
2000/01 Hernán Crespo
38%
2008/09 Nicolas Anelka
38%
2014/15 Alexandre Lacazette
31%
2023/24 Artem Dovbyk
31%
2018/19 Fabio Quagliarella
31%
2002/03 Giovane Élber
31%
2008/09 Grafite
31%
2014/15, 2017/18 Mauro Icardi
31%
2000/01 Raúl
31%
2014/15 Alexander Meier
23%
2008/09 André-Pierre Gignac
23%
2001/02 David Trezeguet
23%
2000/01 Jimmy Floyd Hasselbaink
23%
2001/02, 2005/06, 2006/07 Pauleta
23%
2012/13 Stefan Kießling
23%
2019/20 Wissam Ben Yedder
23%
2002/03 Christian Vieri
15%
2022/23 Christopher Nkunku
15%
2025/26 Estéban Lepaul
15%
2011/12 Klaas-Jan Huntelaar
15%
2024/25 Mateo Retegui
15%
2011/12 Nenê
15%
2022/23 Niclas Füllkrug
15%
2000/01 Sonny Anderson
15%
2003/04 Aílton
8%
2004/05 Alexander Frei
8%
2004/05 Cristiano Lucarelli
8%
2007/08 Dani Güiza
8%
2001/02 Diego Tristán
8%
2001/02, 2003/04 Djibril Cissé
8%
2000/01 Ebbe Sand
8%
2024/25 Mason Greenwood
8%
2001/02 Dario Hübner
0%
2009/10 Mamadou Niang
0%
2001/02 Márcio Amoroso
0%
2004/05 Marek Mintál
0%
2001/02 Martin Max
0%
2010/11 Moussa Sow
0%
2000/01 Sergej Barbarez
0%
2002/03 Shabani Nonda
0%
2006/07 Theofanis Gekas
0%
2002/03 Thomas Christiansen
0%
No matching quizzes found
Score Distribution
Percent of People with Each Score
Percentile by Number Answered
Your Score History
You have not taken this quiz since the last reset